MICROECONOMICS:PRINCIPLES AND POLICY (Record no. 19972)

MARC details
000 -LEADER
fixed length control field 00401nam a2200145Ia 4500
005 - DATE AND TIME OF LATEST TRANSACTION
control field 20250409181428.0
008 - FIXED-LENGTH DATA ELEMENTS--GENERAL INFORMATION
fixed length control field 250409s9999||||xx |||||||||||||| ||und||
020 ## - INTERNATIONAL STANDARD BOOK NUMBER
International Standard Book Number 978-81-315-0234-1
100 ## - MAIN ENTRY--PERSONAL NAME
Personal name BAUMOL WILLIAM J AND BLINDER ALAN S
245 #0 - TITLE STATEMENT
Title MICROECONOMICS:PRINCIPLES AND POLICY
260 ## - PUBLICATION, DISTRIBUTION, ETC.
Name of publisher, distributor, etc. SOUTH-WESTERN CENGAGE LEARNING
Place of publication, distribution, etc. AUSTRALIA
300 ## - PHYSICAL DESCRIPTION
Extent 450
650 ## - SUBJECT ADDED ENTRY--TOPICAL TERM
Form subdivision Economics
942 ## - ADDED ENTRY ELEMENTS (KOHA)
Koha item type BOOK
Holdings
Withdrawn status Lost status Damaged status Not for loan Collection Home library Current library Shelving location Date acquired Total checkouts Full call number Barcode Date last seen Price effective from Koha item type
        Economics St.Dominics College Library St.Dominics College Library General Stack 04/09/2025   338.5 BAU 29072 04/09/2025 04/09/2025 BOOK